000 00485 a2200193 4500
001 066897
003 OSt
005 20211021161447.0
008
082 _a512.02
_bD89A
100 1 _aDummit, David Steven
245 1 _aAbstract algebra
_cby David Steven Dummit and Richard M. Foote
250 _a2nd ed.
260 _aIndia
_bWiley
_c2009
300 _a898p.
690 _aAlgebra, Abstract
700 _aFoote, Richard M.
942 _2ddc
_cBK
999 _c891
_d891